000 00722nam a2200253 4500
001 45053
003 ES-MaACL
005 20230906161138.0
007 t|
008 030325s1965 sp ||||1| spa d
080 _a821.134.2-14"19"
080 _a248.2
100 1 _aCiordia, José J.
_938866
245 1 3 _aLa misa del hombre /
_cJosé J. Ciordia, C. M.
260 _aSalamanca :
_b[s.n.],
_c1965 (
_fGráf. Cervantes)
300 _a45 p., [3] h. de lám. ;
_c19 cm.
490 1 _aY ;
_v1
599 _aLám.: reprod. de cuadros de Manuel Rivera.
600 1 4 _aRivera, Manuel.
_997623
650 _aMisticismo.
_915086
830 0 _aY ;
_v1
_9229920
852 4 _aES-MaACL
_jC-27031
999 _c45053
_d45053